| 000 | 00397nam a2200133Ia 4500 | ||
|---|---|---|---|
| 008 | 231129s2011||||xx |||||||||||||| ||spa|| | ||
| 020 | _a978-958-660-179-5 | ||
| 040 | _bspa | ||
| 082 | _a370.98 E24e | ||
| 245 | 0 | _aEducadores latinoamericanos y del Caribe del siglo XX al XXI | |
| 260 | _c2011 | ||
| 264 | _aTunja : Colciencias : Rudecolombia | ||
| 942 |
_2ddc _cBKS |
||
| 999 |
_c10026 _d10026 |
||